| 000 | 00526nam a2200193Ia 4500 | ||
|---|---|---|---|
| 999 |
_c15084 _d15084 |
||
| 003 | OSt | ||
| 005 | 20201116094349.0 | ||
| 008 | 190216s9999||||xx |||||||||||||| ||und|| | ||
| 022 | _20195670353 | ||
| 040 | _coclc | ||
| 082 |
_a428.24 _bAUT/R |
||
| 100 |
_aAuthors _91880 |
||
| 245 | 0 |
_aRealy Learn 100 Phrasal Verbs / _cAuthors |
|
| 250 | _a2nd Ed. | ||
| 260 |
_bOxford & I B H, _c2004. _aNew york: |
||
| 300 | _a110p | ||
| 650 | _aEnglish Grammar | ||
| 942 |
_cBK _2ddc _h428.24 _iAUT/R _k428.24 _mAUT/R |
||